Library Banner

Health psychology (Record no. 71264)

MARC details
000 -LEADER
fixed length control field 00407nam a2200169Ia 4500
001 - CONTROL NUMBER
control field 66436
008 - FIXED-LENGTH DATA ELEMENTS--GENERAL INFORMATION
fixed length control field 150514s9999 xx 000 0 und d
020 ## - INTERNATIONAL STANDARD BOOK NUMBER
International Standard Book Number 9780230249455
040 ## - CATALOGING SOURCE
Transcribing agency PK-LaUMT
082 ## - DEWEY DECIMAL CLASSIFICATION NUMBER
Classification number 616.0019
Item number ROD-H
100 ## - MAIN ENTRY--PERSONAL NAME
Personal name Rodham, Karen
245 ## - TITLE STATEMENT
Title Health psychology
Statement of responsibility, etc Rodham, Karen
260 ## - PUBLICATION, DISTRIBUTION, ETC. (IMPRINT)
Place of publication, distribution, etc London,UK:
Name of publisher, distributor, etc Palgrave Macmillan,
Date of publication, distribution, etc 1988
300 ## - PHYSICAL DESCRIPTION
Extent 213 p.
546 ## - LANGUAGE NOTE
Language note EN
942 ## - ADDED ENTRY ELEMENTS (KOHA)
Koha item type Books
Holdings
Withdrawn status Lost status Source of classification or shelving scheme Damaged status Not for loan Home library Current library Date acquired Total Checkouts Full call number Barcode Date last seen Date checked out Price effective from Koha item type
    Dewey Decimal Classification     UMT Main Campus UMT Main Campus 2015-05-14 2 616.0019 ROD-H 89957 2026-01-19 2026-01-05 2015-05-14 Books
    Dewey Decimal Classification     UMT Main Campus UMT Main Campus 2015-05-15   616.0019 ROD-H 89958 2015-05-15   2015-05-15 Books